Best Actress (2000-present) - Statistics

General Stats
  • This quiz has been taken 41 times
  • The average score is 18 of 24
Answer Stats
Year Film Answer % Correct
2023 Poor Things Emma Stone
94%
2016 La La Land Emma Stone
94%
2004 Million Dollar Baby Hilary Swank
88%
2000 Erin Brockovich Julia Roberts
88%
2011 The Iron Lady Meryl Streep
88%
2001 Monster's Ball Halle Berry
84%
2012 Silver Linings Playbook Jennifer Lawrence
84%
2010 Black Swan Natalie Portman
84%
2009 The Blind Side Sandra Bullock
84%
2005 Walk the Line Reese Witherspoon
81%
2006 The Queen Helen Mirren
78%
2002 The Hours Nicole Kidman
78%
2003 Monster Charlize Theron
75%
2013 Blue Jasmine Cate Blanchett
72%
2020 Nomadland Frances McDormand
72%
2017 Three Billboards Outside Ebbing, Missouri Frances McDormand
72%
2008 The Reader Kate Winslet
72%
2014 Still Alice Julianne Moore
69%
2019 Judy Renée Zellweger
66%
2015 Room Brie Larson
63%
2021 The Eyes of Tammy Faye Jessica Chastain
63%
2022 Everything Everywhere All at Once Michelle Yeoh
63%
2018 The Favourite Olivia Colman
63%
2007 La Vie en Rose Marion Cotillard
59%
No matching quizzes found
Score Distribution
Percent of People with Each Score
Percentile by Number Answered
Your Score History
You have not taken this quiz